[Event "Tel Aviv super 1st"]
[Site "Tel Aviv"]
[Date "1999.05.14"]
[Round "4"]
[White "Alterman, Boris"]
[Black "Huzman, Alexander"]
[Result "1/2-1/2"]
[WhiteElo "2615"]
[BlackElo "2575"]
[Annotator "Alterman,B"]
[PlyCount "39"]
[EventDate "1999.05.11"]
[EventType "tourn"]
[EventRounds "9"]
[EventCountry "ISR"]
[EventCategory "14"]
[SourceTitle "CBM 071"]
[Source "ChessBase"]
[SourceDate "1999.08.01"]
[SourceVersion "1"]
[SourceVersionDate "1999.08.01"]
[SourceQuality "1"]

1. d4 Nf6 2. c4 e6 3. Nc3 Bb4 4. Nf3 c5 5. g3 cxd4 6. Nxd4 O-O 7. Bg2 d5 8.
cxd5 Nxd5 9. Bd2 Nb6 10. Nc2 Be7 11. O-O Nc6 12. b3 $6 {[%mdl 16400]} (12. Ne3
e5 13. Ned5 $14) 12... e5 $8 (12... Bd7 13. Rc1 $14) 13. Be3 Be6 14. Qxd8 (14.
Qc1 Rc8 15. Rd1 Qc7 16. Nb5 (16. Qb2 $2 Nb8) 16... Qb8) 14... Rfxd8 15. Rfd1
$11 Rac8 16. Bxb6 $8 axb6 (16... Rxd1+ 17. Rxd1 axb6 18. Nd5 Bd8 19. Nde3 $1
$14) 17. Nd5 (17. Bd5 $2 Na7 18. Rd3 e4 $1 $19) 17... Bc5 18. b4 (18. e3 b5 $1)
18... Bxd5 19. Rxd5 Rxd5 20. Bxd5 1/2-1/2

[Event "Interzonal-16"]
[Site "Biel"]
[Date "1993.??.??"]
[Round "11"]
[White "Dreev, Alexey"]
[Black "Salov, Valery"]
[Result "0-1"]
[WhiteElo "2570"]
[BlackElo "2685"]
[Annotator "Ambroz,J"]
[PlyCount "110"]
[EventDate "1993.07.16"]
[EventType "swiss"]
[EventRounds "13"]
[EventCountry "SUI"]
[SourceTitle "CBM 037"]
[Source "ChessBase"]
[SourceDate "1993.12.01"]
[SourceVersion "1"]
[SourceVersionDate "1993.12.01"]
[SourceQuality "1"]

1. d4 {Salov} Nf6 2. c4 e6 3. Nc3 Bb4 4. f3 c5 5. d5 O-O 6. e4 Re8 (6... exd5
7. cxd5 Re8 8. Nge2 d6) 7. Bd2 exd5 8. cxd5 d6 9. Nge2 Nbd7 (9... Nh5 $5 10.
Qc2 Bxc3 11. bxc3 f5 12. exf5 Re5 (12... Qh4+ $142) 13. g4 Qh4+ 14. Kd1 Qf2 15.
f4 $1 Rxd5 16. c4 Qf3 17. Rg1 Nxf4 18. cxd5 $18 {Kouatly-Korchnoi, Royan 1986})
10. Ng3 (10. a3 {Salov}) 10... a6 (10... Ne5 11. Be2 Bd7 12. O-O c4 $5 13. Be3
b5 14. Qd2 Ba5 15. Rfc1 Bb6 16. Nh1 $5 Rc8 17. Nf2 {1/2, Costa-Bischoff,
Mitropa-Cup 1991}) 11. Be2 (11. a4 $5) 11... b5 12. O-O Ne5 13. a4 bxa4 (13...
Bd7 14. axb5 Bxc3 15. Bxc3 (15. bxc3 $5) 15... axb5 16. b3 $14) 14. Nxa4 Rb8 (
14... Bxd2 $1 {Salov} 15. Qxd2 Rb8 $10) 15. Bg5 h6 16. Be3 c4 17. Bd4 Bd7 18.
Nc3 a5 19. Kh1 (19. f4 Ng6 (19... Bxc3 20. bxc3 Nd3 $2 21. Bxd3 cxd3 22. Qxd3
Nxe4 23. Nxe4 Bf5 24. Qg3 $18) 20. Qc2 $13 (20. Bxc4 {Salov} Bxc3 21. bxc3 Nxe4
$14)) 19... h5 $1 20. f4 h4 21. fxe5 (21. Nh5 Nxh5 22. Bxh5 (22. fxe5 $2 {Salov
} Ng3+ 23. hxg3 hxg3 $19) 22... Nd3 23. b3 Bxc3 24. Bxc3 Rxb3 25. Bxa5 Qc8 $36)
21... dxe5 22. Nh5 (22. Ba7 $143 Rb7) (22. Be3 hxg3 23. hxg3 (23. Bg5 gxh2 24.
d6 Re6 $17) 23... Qc8 $5 $13 {/\ Ng4}) 22... exd4 23. Nxf6+ (23. Qxd4 {Salov}
Bd6 $1 24. Rxf6 Be5 $1) 23... gxf6 24. Qxd4 Bd6 $1 $132 25. Ra2 (25. Qxf6 Qxf6
26. Rxf6 Be5 $17 {/\ Rb2}) (25. Bxc4 $142 Rxb2 26. Rab1 $1 $13 {/\ Bb5!?} (26.
Qd3 Qe7 $5 {/\ Qe5}) (26. Qxf6 Qxf6 27. Rxf6 Be5 28. Rf3 Rc8 $19)) 25... Be5
26. Qxc4 Rb4 27. Qd3 Qb8 $44 28. Qd2 Kg7 (28... Bxh2 29. Rxf6 $132) 29. h3 Qc8
$5 {/\ Bh3} 30. Rf3 (30. Rxa5 Bxh3 (30... Rxb2 31. Qxb2 Bxc3 32. Qb6) 31. Bb5
Bd7 $36) 30... Qc7 31. Qe1 Reb8 32. Qd2 (32. Qxh4 Rxb2 33. Rxb2 Rxb2 34. d6
$143 (34. Bf1 Bxc3 (34... a4 $5 $17) 35. Rg3+ (35. Qg3+ Qxg3 36. Rxg3+ Kf8 37.
Rxc3 Rb1 38. Kg1 Bb5 39. Rf3 Rxf1+ $19) 35... Kf8 36. d6 $1 Qxd6 37. Rxc3 Rb1
38. Rc1 $17) 34... Qxc3 $1 35. Rxc3 Rb1+) 32... a4 {/\ a3, >< Nc3} 33. Rf1 $2 (
33. Bf1 Qb7 34. Rf2 Bg3 35. Re2 Qc7 36. Qe3 Qe5 $36) 33... a3 34. d6 Qc6 35.
Rxa3 Rxb2 36. Qe3 (36. Qe1 Qc5) 36... R8b3 $1 37. Bb5 Rxb5 (37... Qxd6 {Salov}
38. Rxb3 Rxb3 39. Bxd7 Rxc3 $19) 38. Nxb5 Qxb5 39. Rd3 Rb1 40. Qf3 Kf8 $138 41.
Rdd1 Rb3 (41... Rxd1 {Salov} 42. Rxd1 Kg7 $17) 42. Qh5 Kg7 43. Qxh4 Qe2 44.
Rde1 Qd2 (44... Qb2 {Salov} 45. Rf2 Qd4 46. Ref1 Qxd6 $17) 45. Rd1 Qc2 46. Rc1
Qb2 47. Qf2 Qxf2 48. Rxf2 Rd3 $19 49. Rff1 Ba4 50. Kg1 Rxd6 51. Kf2 Rd2+ 52.
Kf3 (52. Kg1 Bc2 53. Rfe1 (53. Rce1 Bd4+ 54. Kh2 Bf2 55. Ra1 Bxe4) 53... Bd4+
54. Kh1 Bb2) 52... Rd3+ 53. Ke2 Bb5 54. Rf3 (54. Kf2 {Salov} Bd4+ $19) 54...
Rc3+ 55. Kd1 Ba4+ (55... Ba4+ {Salov} 56. Kd2 Rxf3 57. gxf3 Bf4+ $19) 0-1

[Event "ESP-ch"]
[Site "El Sauzal"]
[Date "2010.09.12"]
[Round "9"]
[White "Arizmendi Martinez, Julen Luis"]
[Black "Illescas Cordoba, Miguel"]
[Result "0-1"]
[WhiteElo "2551"]
[BlackElo "2591"]
[Annotator "Arizmendi,J"]
[PlyCount "66"]
[EventDate "2010.09.04"]
[EventType "swiss"]
[EventRounds "9"]
[EventCountry "ESP"]
[SourceTitle "CBM 138 Extra"]
[Source "ChessBase"]
[SourceDate "2010.10.29"]
[SourceVersion "1"]
[SourceVersionDate "2010.10.29"]
[SourceQuality "1"]

1. d4 Nf6 2. c4 e6 3. Nc3 Bb4 4. f3 $6 {No, there is nothing wrong with the
move itself (as a matter of fact, it had worked very well for me in the past),
but in this case it was not a good choice. Entering the last round, Vallejo,
Illescas, Moreno Ruiz and myself were tied in first place, and the pairings
were Vallejo-Moreno and Arizmendi-Illescas. I had the best tiebreak, but
thought that, since Vallejo is usually a killer with the White pieces 
(although Moreno Ruiz had played an excellent tournament and had not suffered
much in any game), I had to win in order to have a shot at first place. So, I
wanted to win, but I believe that perhaps I should have played something more
solid and use to my advantage the fact that Illescas was in a must-win
situation if he was to take his eighth title (he had the worst tiebreak). To
my mind, the opening choice for this specific game was pretty bad.} c5 $1 {
The most adequate for the situation. Whatever White does now, the game will be
double-edged.} 5. d5 O-O 6. e4 d6 {The most accurate move order.} (6... exd5 7.
cxd5 d6 {allows} 8. Bd3 {and 9.Nge2. In this case White won't need to move his
knight to g3 in order to finish his development.}) 7. Nge2 ({The problem with} 
7. Bd3 {is that after} Nbd7 8. Nge2 Ne5 {the light-squared bishop can't move
because the c4-pawn is hanging.}) 7... exd5 8. cxd5 Nbd7 9. Ng3 a6 {9...Ne5
and 9...Re8 are the usual moves here, both impeding 10.Bd3. Illescas decides
to keep more flexibility in his position.} 10. Be2 ({Perhaps} 10. Bd3 b5 11.
O-O c4 12. Bc2 Bc5+ 13. Kh1 {makes sense. After all, White must strive to play
in the centre and on the kingside, and with that aim in mind the c2-bishop
covers e4 in case he decides to play f4 later on. Another plus is that e2 is
now available for the c3-knight.}) 10... b5 11. O-O (11. a4 Rb8) 11... c4 12.
Kh1 (12. Be3 {seems more accurate.}) 12... Re8 ({Black could consider} 12...
Bc5 {here.}) 13. a4 ({The best move should be the simple} 13. Be3 {, finishing
my development before deciding what to do.}) (13. Bf4 Ne5 14. Bg5 h6 15. Bxf6 {
is a possibility my opponent proposed after the game, but this doesn't
convince me.} Qxf6 16. f4 Nd7 {Here, with a pawn on g6 like in the Benoni, 17.
e5 dxe5 18.Nce4, followed by f5, would be strong. But as it is now, with no
contact squares, I don´t see how to continue.}) 13... Rb8 14. axb5 axb5 15. Nf5
$6 {The beginning of a bad plan. Funny, I didn't notice until my opponent had
already refuted it :-)} ({A very interesting idea is} 15. Na2 Ba5 16. b4 cxb3 (
16... Bc7 17. Nc3 {is an ideal pawn structure for White: the knight on c3 is a
stable blockader and puts pressure on b5.}) 17. Qxb3 b4 18. Bf4 {The position
is complicated, but I prefer White´s play in the centre to Black´s initiative
on the queenside, since} Nc5 19. Qb2 Na4 20. Qd4 {doesn't get Black anywhere.})
15... Ne5 16. Nd4 Bd7 17. g4 $6 {This is the move I put my trust in when I
played 13.a4. I knew it was risky, of course, but during the game I lost all
objectivity and thought that concrete play would justify my decision. But
looking at it now, it really surprises me that I could believe Black would
have any problems here, for all his pieces occupy excellent squares and White
is in fact the one who has obvious weaknesses. Usually, in order for such
moves to work, the pieces need to be on their optimal squares, which isn´t the
case here.} Bc5 $5 ({The engine insists that} 17... h6 $1 18. g5 hxg5 19. Bxg5
Bc5 {is better, evaluating that White's weaknesses weigh more than the g-file.
This is probably so, but it does play into White's hands.}) 18. g5 b4 $1 {
The key move.} 19. Na4 ({I thought about moving my knight to b1, but my sense
for aesthetics simply didn´t allow me to play such an ugly move. After} 19. Nb1
{Rybka finds the spectacular} Nxd5 $1 ({another possibility is the simple} 
19... Bh3 $5 20. gxf6 (20. Rg1 Nxf3 21. Bxf3 Nxe4 22. Be3 Qb6 {and White can
barely move.}) 20... Bxf1 21. Bxf1 Qxf6) 20. exd5 Ra8 21. Rxa8 Qxa8 {, with
more than enough compensation for the piece. Black will soon take a second
pawn and will dominate the entire board. The truth is that my g4 push looks
quite poor when one looks at such variations...}) 19... Bxa4 20. Rxa4 Nfd7 21.
f4 $2 ({Right after playing this I wished I had gone for} 21. Nf5 {which is
the best move. Black´s game is still easier, since his plan on the queenside
is pretty clear, but the evaluation would be close to equality.} Nb6 22. Ra1
Ra8 23. Rxa8 Qxa8 24. Be3 $1 {White needs to put his queen or bishop on the
a1-h8 diagonal in order to cooperate with the knight and put pressure on g7.}
Qa5 (24... Qa2 25. Bd4 Na4 26. f4) 25. Bd4 g6 26. Nh6+ Kf8 27. f4 Nd3 ({
Black should not get carried away:} 27... Ned7 28. Bf3 Qa2 29. f5 {, with a
strong attack.}) 28. Bxc5 Qxc5 29. Bxd3 cxd3 30. Qxd3 Qc4 31. Qxc4 Nxc4 32. f5
Nd2 33. Ra1 Nxe4 34. Ra7 Re7 (34... Nxg5 $4 35. h4) 35. Ra8+ Re8 36. Ra7 $11 {
From now on, Illescas, with very precise play, will expose the defects of my
plan.}) 21... Bxd4 $1 22. Qxd4 Nd3 $1 23. Bxd3 cxd3 24. Rxb4 $2 {Engines like
this grave mistake. At least I'm not the only one...} ({My first intention was
} 24. b3 $1 {, but I didn't like} Qb6 $1 (24... Qe7 $2 {meets} 25. Ra7 $1) ({
Another possibility is the curious} 24... f5 $5 {, although the position after}
25. Bb2 $1 (25. exf5 Qe7 {clearly highlights the problems stemming from my
quest for space.} 26. Qxd3 Nc5 27. f6 Qb7 28. Qf3 Nxa4 29. bxa4 Qa6 {and White
is really suffering.}) 25... Qe7 26. Ra7 fxe4 27. f5 Rf8 28. f6 Qe8 {is just
too complicated.}) (24... Nc5 $6 25. Bb2 f6 26. gxf6 Qxf6 27. e5 Qf5 (27...
Rxe5 $2 28. Ra7 $1) 28. e6 {is not what Black is really looking for.}) 25. Qxb6
Rxb6 {Now White has chances to survive with} 26. Be3 (26. Ra7 Nc5 27. Be3 Rb5 {
is a nightmare for White as well.}) 26... Rbb8 27. Rd1 Rxe4 28. Rxd3 Rbe8 29.
Ra7 Nf8 {, although the position is no picnic for him, at least in practice
and with little time on the clock.}) 24... Rxb4 25. Qxb4 Nc5 26. Re1 (26. e5
Qc8 27. Re1 {transposes to the comment to move 27.} (27. Qb5 Kf8 28. f5 Rxe5
29. Qc6 (29. b4 Qb7) 29... Qxc6 30. dxc6 Ke7 {doesn't solve White's problems.})
) 26... Qc8 $1 27. f5 $4 {A very typical mistake. I had seen this tactic
before, but was so worried with all the problems in my position that I simply
missed it now.} ({My position was hell anyway:} 27. e5 Qh3 28. Kg1 (28. exd6 $2
{, unfortunately, is met by} Ne4 $1 29. d7 Qf3+ 30. Kg1 Qf2+ 31. Kh1 Ng3+ $19)
28... h6 29. gxh6 $6 Kh7 $1 {, for example, is not bad at all.}) 27... Nxe4 $1
28. Rf1 g6 (28... Qc2 {is stronger, but the text move doesn't change much.})
29. Qd4 gxf5 30. b4 (30. g6 fxg6 31. Bh6 Qb7) 30... Qc2 31. Bf4 Qe2 32. Kg1
Qg4+ 33. Bg3 d2 {There are so many threats in this position that it hurts to
look at it. A good game by Illescas, who managed to take advantage of his
opportunities. Vallejo eventualy drew his game, which allowed Illescas to take
the title, his eighth.} 0-1

[Event "Berkeley East Bay CC"]
[Site "Berkeley"]
[Date "2005.04.02"]
[Round "6"]
[White "Atalik, Suat"]
[Black "Stein, Alex"]
[Result "1-0"]
[WhiteElo "2560"]
[BlackElo "2362"]
[Annotator "Atalik,S"]
[PlyCount "45"]
[EventDate "2005.03.29"]
[EventType "tourn"]
[EventRounds "10"]
[EventCountry "USA"]
[EventCategory "9"]
[SourceTitle "CBM 107"]
[Source "ChessBase"]
[SourceDate "2005.08.01"]
[SourceVersion "1"]
[SourceVersionDate "2005.08.01"]
[SourceQuality "1"]

{The second game in the day. I was absolutely determined to make the score
even with Alan!} 1. d4 Nf6 2. c4 e6 3. Nc3 Bb4 4. Nf3 $5 {Sometime in 1994 I
have analysed this line popularised by Kasparov in Mid 80s with GM Rogozenko.}
c5 5. g3 O-O 6. Bg2 cxd4 7. Nxd4 d5 8. cxd5 Nxd5 9. Qb3 $5 {The line
championed by Zvjaginsev.} (9. Bd2 Nxc3 10. bxc3 Be7 11. O-O e5 12. Nc2 $13 {
is the alternative.}) 9... Nc6 ({I believe that} 9... Qa5 10. Bd2 Nc6 11. Nxc6
bxc6 12. O-O {is more logical to reach the game continuation.}) (9... Qb6 10.
Bxd5 $1 exd5 11. Be3 $14) 10. Nxc6 bxc6 11. O-O Qa5 $1 {Alan showed true
knowledge of theory. This line is the best for black in this system.} (11...
Rb8 $6 12. a3 Nxc3 13. bxc3 Bd6 14. Qa4 $14 {is Atalik-Ulibin,Beijing(open)
1996 where things went very smooth for me after this win I have also taken the
first place in the tournament.}) 12. Bd2 Rb8 $4 {Alan who was spending some
precious amount of time after every move blunders. However by some strange
coincidence I knew about the move. In the room Alex has given me during my
stay in his place in San Fransisco I have rediscovered a book by GM Rowson
with the name 'Seven Deadly Chess Sins'. From time to time I was taking the
book to the bathroom. There I have seen that he had fallen into this 'trap'.
Actually as one can understand there ain't no trap whatsoever 12...Rb8 is
simply a bad move .} (12... Bxc3 $1) 13. Nxd5 cxd5 14. a3 $18 {Now black is
losing an exchange.} Bxd2 $8 (14... Bd6 $2 15. Qxb8 $18) 15. Qxb8 Bd7 {In the
bathroom when I came across this chapter based on Rowson's book, this was what
he had played after having blundered.} (15... Ba6 16. Qxa7 Bxe2 17. Qxa5 Bxa5
18. Rfc1 d4 19. b4 Bb6 20. a4 d3 21. Ra2 Rb8 22. a5 Bd4 23. b5 Kf8 24. b6 $18)
16. Qe5 $1 {After some long thought I have chosen the move which is also
recommended by Rowson. Now Bd2 has a tough time to return into the game.
Probably I should have prepared in the bathroom to my future games.} (16. Qb7
$2 Ba4 17. Ra2 Qc5 $132 {Barsov-Rowson York 1999.}) 16... Qb6 (16... Rc8 17.
Rfd1 $18) 17. Rfd1 $1 (17. Bxd5 exd5 (17... Qb5 18. Rad1) 18. Qxd5 Bh3 19. Qxd2
Qc6 20. f3 Bxf1 21. Rxf1 Qb6+ 22. Kg2 a5 23. b4 axb4 24. axb4 $18 {is also
winning.}) 17... f6 18. Qh5 Be8 19. Qh3 $1 Bh6 20. e3 {Now the bishops
position is still awkward.} f5 21. Qh4 $1 Qxb2 22. Qe7 Qe5 $2 {Two blunders in
one game is enough to resign!} (22... Qf6 23. Qxf6 (23. Qxa7 $18) 23... gxf6
24. Rac1 $18) 23. Bxd5 $1 {So I had 2 out of 2 after a long day!} 1-0

[Event "CCA-ICC op"]
[Site "Lake George"]
[Date "2005.05.15"]
[Round "8"]
[White "Atalik, Suat"]
[Black "Kiriakov, Petr"]
[Result "1/2-1/2"]
[WhiteElo "2561"]
[BlackElo "2565"]
[Annotator "Atalik,S"]
[PlyCount "167"]
[EventDate "2005.05.11"]
[EventType "swiss"]
[EventRounds "9"]
[EventCountry "USA"]
[SourceTitle "CBM 107"]
[Source "ChessBase"]
[SourceDate "2005.08.01"]
[SourceVersion "1"]
[SourceVersionDate "2005.08.01"]
[SourceQuality "1"]

{GM Petr Kiriakov is a very solid player. Probably my opening choice against
him was not the best.} 1. d4 e6 2. c4 Nf6 3. Nc3 Bb4 4. Nf3 c5 5. g3 cxd4 6.
Nxd4 O-O 7. Bg2 d5 8. cxd5 Nxd5 9. Qb3 Qb6 10. Bxd5 exd5 11. Be3 Bxc3+ 12. Qxc3
Qa6 $5 {This move caught me surprised. Probably this is one of the best moves
in the position.} 13. O-O {White does not get much just like any other line in
this subvariation of the Nimzo!} (13. Qd3 Qxd3 14. exd3 Bd7 15. Kd2 Nc6 16.
Rac1 Nxd4 17. Bxd4 $14) 13... Bg4 $1 $146 {A good novelty} 14. Rfd1 (14. f3 Rc8
15. Qd3 Qxd3 16. exd3 Bd7 17. Rac1 Nc6 $11) (14. Qd3 Qxd3 15. exd3 Rc8 $1 (
15... Nd7 16. f3) 16. Rfc1 Nd7 17. f3 Bh3 18. Kf2 Ne5 19. Ke2 $14) 14... Rc8 (
14... Nc6 $6 15. Nxc6 bxc6 16. f3 Bf5 17. Rd2 $16) 15. Qd3 Qxd3 16. Rxd3 Nc6
17. f3 Nxd4 18. Bxd4 Bf5 19. Rd2 (19. Re3 $142 $14 {may be better taking into
consideration the game continuation.}) 19... h5 $1 $11 {From now on I have
tried to have a breakthrough using all the possible means in the position, but
black's position is simply too solid thus he was able to repulse my attacks.}
20. Kf2 a6 21. h3 $1 {Preparing to impair kingside pawn structure which can
only be dangerous with 4 rooks over the board.} Rc2 $1 {Petr has a vast
experience in such endgames.} 22. Rxc2 Bxc2 23. g4 hxg4 24. hxg4 Rc8 25. Rh1 (
25. Rc1 Bf5) 25... Bg6 26. g5 {What else?} Rc6 27. Bc3 f6 28. gxf6 gxf6 29. Rd1
Bf7 30. a4 Kg7 31. Bd4 Bg6 32. a5 Kf7 33. Bc3 Ke6 34. Rh1 b6 {Black has to
reduce the material and just stay!} 35. axb6 Rxb6 36. Rh8 Rc6 37. Rf8 Ke7 38.
Bb4+ Ke6 39. Bc3 Ke7 40. Rb8 Bc2 41. Rb4 Ke6 42. Rf4 Ke7 43. e3 Bb1 44. Kg3 Bc2
45. Rd4 Ke6 46. Rd2 Bg6 47. Rh2 Kf5 48. Rh6 Bf7 49. Rh7 Kg6 50. Rh8 Kf5 51. Ra8
(51. Kh4 $5 {was not in my agenda yet since I was trying to steal f4 square
for my king.}) 51... Bh5 $1 52. Ra7 Be8 53. Ra8 Bh5 54. Bd4 Bf7 55. Kh4 {
Now it comes out of necessity!} Re6 56. Rc8 Kg6 57. Rc7 Be8 58. Kg4 Rc6 59. Re7
Re6 $1 60. Rc7 Rc6 61. Ra7 Bf7 62. b4 Be6+ 63. Kf4 {Eventually I have stolen
the square but it is not something to glorify.} Bf7 64. Bc5 Be6 65. Bf8 Bf7 66.
Kg3 {Trying to break into the otherside.} Rc8 67. Be7 Rc6 68. Bf8 Rc8 69. Bc5
Rc6 70. Kg4 Be6+ 71. Kf4 Bf7 72. Ra8 Be6 73. Kg3 Bf7 74. Kf2 Kf5 75. Ke2 Bh5 $1
$11 {Now f3 became an headache.Actually it was time to offer a draw and call
it a day.} 76. Ra7 Ke6 77. Ra8 Kf5 78. Kf2 Bf7 79. Kg3 Kg6 80. Kf4 Be6 81. Ra7
Bf7 82. e4 {Showing my peaceful intentions.} dxe4 83. fxe4 Re6 84. Re7 {
A pathetic game in which white could not prove anything.} 1/2-1/2